| 000 | 01002cam a2200289 a 4500 | ||
|---|---|---|---|
| 001 | 5771 | ||
| 003 | BD RjUL | ||
| 005 | 20211208234126.0 | ||
| 008 | 160820s19651963xx 000 0 eng | ||
| 035 | _a( BD RjUL)5810 | ||
| 040 |
_aDLC _cTOL _d BD RJUL _beng |
||
| 041 | _aeng | ||
| 082 |
_a351.1 _bBUR 1965 _223 |
||
| 245 | 1 | 0 |
_aBureaucracy and political development / _cedited by Joseph LaPalombara ; contributors Carl Beck ... [et al.] |
| 260 |
_aPrinceton : _bPrinceton University Press, _c1963 [printing 1965] |
||
| 300 |
_a487 p. ; _c24 cm |
||
| 490 | 1 |
_aStudies in political development ; _v2 |
|
| 500 | _a"Sponsored by the Committee on Comparative Politics of the Social Science Research Council." | ||
| 504 | _aIncludes bibliography | ||
| 650 | 0 |
_aBureaucracy _918116 |
|
| 650 | 0 |
_aPublic administration _918117 |
|
| 700 | 1 |
_aLaPalombara, Joseph _d1930- _918119 |
|
| 830 | 0 |
_v2 _9148644 |
|
| 830 | 0 |
_aStudies in political development ; _9117003 |
|
| 942 |
_2ddc _cBK |
||
| 999 |
_c5771 _d5771 |
||